| 000 | 00682cam a2200145 4500500 | ||
|---|---|---|---|
| 005 | 20251228093410.0 | ||
| 041 | _afre | ||
| 042 | _adc | ||
| 100 | 1 | 0 |
_aGuichard, Benjamin _eauthor |
| 245 | 0 | 0 | _aArlen V. BLJUM, Vladimir G. VOLOVNIKOV, eds. Cenzura v Sovetskom sojuze, 1917-1991. Dokumenty (La censure en Union soviétique 1917-1991. Documents) Moscou, ROSSPEN, 2004, 576 p. (Kul´tura i vlast´ ot Stalina do Gorba?eva. Dokumenty). |
| 260 | _c2004. | ||
| 500 | _a99 | ||
| 786 | 0 | _nCahiers du monde russe | Vol 45 | 3 | 2004-11-01 | p. 613zq-658zq | 1252-6576 | |
| 856 | 4 | 1 | _uhttps://shs.cairn.info/revue-cahiers-du-monde-russe-2004-3-page-613zq?lang=fr&redirect-ssocas=7080 |
| 999 |
_c1604312 _d1604312 |
||